Normal view
MARC view
- Papacostas C.S.
Entry Personal Name
001 - CONTROL NUMBER
- control field: 18383
003 - CONTROL NUMBER IDENTIFIER
- control field: NUST
005 - DATE AND TIME OF LATEST TRANSACTION
- control field: 20190723104450.0
008 - FIXED-LENGTH DATA ELEMENTS
- fixed length control field: 190723|| aca||aabn | a|a d
040 ## - CATALOGING SOURCE
- Original cataloging agency: NUST
- Transcribing agency: NUST
100 ## - HEADING--PERSONAL NAME
- Personal name: Papacostas C.S.
670 ## - SOURCE DATA FOUND
- Source citation: Work cat.: (NUST): Papacostas C.S. , Transportation Engineering and Planning, 2018.
